[Event "Catalunya-chT Gp2"]
[Site "Barcelona"]
[Date "2015.02.21"]
[Round "5.1"]
[White "Marcet Bisbal, Antonio"]
[Black "Hernando Rodrigo, Julio Antonio"]
[Result "0-1"]
[WhiteElo "2316"]
[BlackElo "2333"]
[PlyCount "188"]
[EventDate "2015.01.24"]
[EventType "team-tourn"]
[EventRounds "7"]
[EventCountry "ESP"]
[SourceTitle "EXT 2016"]
[Source "ChessBase"]
[SourceDate "2015.10.08"]
[SourceVersion "1"]
[SourceVersionDate "2015.10.08"]
[SourceQuality "1"]
[WhiteTeam "Sitges"]
[BlackTeam "Cerdanyola Valles"]
[WhiteTeamCountry "ESP"]
[BlackTeamCountry "ESP"]

1. c4 e6 2. d4 Nf6 3. Nc3 Bb4 4. Qc2 d5 5. cxd5 exd5 6. Bg5 h6 7. Bxf6 Qxf6 8. a3 Bxc3+ 9. Qxc3 0-0 10. e3 Bf5 11. Nf3 Nd7 12. Be2 Rac8 13. 0-0 Rfe8 14. Rfc1 c6 15. b4 Nf8 16. b5 Ng6 17. bxc6 bxc6 18. Ba6 Rc7 19. Qa5 Rce7 20. Qa4 Bd7 21. Rc5 Rb8 22. Qc2 Rb6 23. Bd3 Bg4 24. Ne1 Reb7 25. Bxg6 fxg6 26. Nd3 Bf5 27. Rc1 Be4 28. Qd2 Bxd3 29. Qxd3 Rb2 30. Qf1 R7b6 31. R5c2 Qf8 32. Rxc6 Qxa3 33. Rc8+ Kh7 34. Ra1 Ra2 35. Rac1 Rf6 36. R8c2 Rb6 37. Rxa2 Qxa2 38. Ra1 Qc2 39. Qd1 Qf5 40. Qc1 a6 41. h3 Qd3 42. Kh2 Qe2 43. Qc5 Rf6 44. Qxd5 Rxf2 45. Ra3 Rf1 46. Qa5 Qd1 47. Ra2 Rh1+ 48. Kg3 Qg1 49. Qd2 Qh2+ 50. Kf3 Qd6 51. Ra5 Rf1+ 52. Ke2 Qf6 53. Kd3 Rf2 54. Qb4 Rxg2 55. Qb7 Qf1+ 56. Ke4 Rd2 57. Qxa6 Qb1+ 58. Kd5 Qb3+ 59. Qc4 Qxe3 60. Rc5 Qxh3 61. Kd6 Qg3+ 62. Kc6 Qb8 63. Kd7 Qa7+ 64. Kd6 Rf2 65. Rc7 Qb6+ 66. Kd7 Rf4 67. Rc5 Qa7+ 68. Ke8 Re4+ 69. Kd8 Qe7+ 70. Kc8 Qf8+ 71. Kb7 Re7+ 72. Rc7 Re1 73. d5 Rb1+ 74. Kc6 Qa8+ 75. Kd7 Re1 76. Rc8 Qa7+ 77. Rc7 Qe3 78. Rc8 Qe7+ 79. Kc6 Re4 80. Qc5 Qf6+ 81. d6 Qe6 82. Kb7 Qb3+ 83. Kc6 Qa4+ 84. Kd5 Re1 85. Qc4 Qd7 86. Rc6 Qf5+ 87. Kd4 Re4+ 88. Kc3 Rxc4+ 89. Kxc4 h5 90. Rc7 h4 91. Re7 Qc2+ 92. Kd5 Qd3+ 93. Kc5 h3 94. Re5 h2 0-1

[Event "ESP-chT CECLUB Norte Div 1"]
[Site "Sabadell"]
[Date "2007.08.18"]
[Round "5"]
[White "Marcet Bisbal, Antonio"]
[Black "Cuartas, Jaime Alexander"]
[Result "1/2-1/2"]
[WhiteElo "2299"]
[BlackElo "2504"]
[PlyCount "99"]
[EventDate "2007.08.15"]
[EventType "team"]
[EventRounds "6"]
[EventCountry "ESP"]
[SourceTitle "CBM 119 Extra"]
[Source "ChessBase"]
[SourceDate "2007.09.04"]
[SourceVersion "1"]
[SourceVersionDate "2007.09.04"]
[SourceQuality "1"]

1. d4 d5 2. c4 c6 3. Nf3 Nf6 4. Nc3 a6 5. cxd5 cxd5 6. g3 Nc6 7. Bg2 e6 8. 0-0 Be7 9. Bf4 0-0 10. Ne5 Bd7 11. Nxc6 Bxc6 12. Qb3 b5 13. Rac1 Qd7 14. Nb1 Rfc8 15. Nd2 b4 16. Qe3 Bb5 17. Nf3 Qb7 18. Ne5 Nd7 19. Bh3 Nxe5 20. Bxe5 Rxc1 21. Rxc1 Rc8 22. Bg4 Rc6 23. h4 Qc8 24. Rxc6 Qxc6 25. h5 h6 26. Kg2 Qc2 27. Bf4 Bf6 28. Be5 Bxe5 29. Qxe5 Qxb2 30. Bxe6 fxe6 31. Qxe6+ Kh7 32. Qf5+ Kg8 33. Qxd5+ Kf8 34. Qc5+ Ke8 35. Qe5+ Kd8 36. Qb8+ Kd7 37. Qb7+ Kd6 38. Qb8+ Kc6 39. Qc8+ Kb6 40. Qd8+ Kb7 41. Qe7+ Kc8 42. Qc5+ Kd7 43. Qa7+ Kc6 44. Qa8+ Kb6 45. Qd8+ Kc6 46. Qc8+ Kd6 47. Qc5+ Kd7 48. Qa7+ Kc6 49. Qa8+ Kd6 50. Qb8+ 1/2-1/2

[Event "ESP-chT CECLUB Norte Div 1"]
[Site "Sabadell"]
[Date "2007.08.15"]
[Round "1"]
[White "Marcet Bisbal, Antonio"]
[Black "Sanchez Obregon, Diego"]
[Result "1-0"]
[WhiteElo "2299"]
[BlackElo "2051"]
[PlyCount "127"]
[EventDate "2007.08.15"]
[EventType "team"]
[EventRounds "6"]
[EventCountry "ESP"]
[SourceTitle "CBM 119 Extra"]
[Source "ChessBase"]
[SourceDate "2007.09.04"]
[SourceVersion "1"]
[SourceVersionDate "2007.09.04"]
[SourceQuality "1"]

1. d4 Nf6 2. c4 g6 3. Nc3 d5 4. Bf4 Bg7 5. Nf3 c6 6. e3 0-0 7. Bd3 Nh5 8. Be5 f6 9. Bxb8 Rxb8 10. cxd5 cxd5 11. Qb3 Be6 12. Be4 Kh8 13. Bxd5 Bc8 14. h3 f5 15. Bc4 b5 16. Be2 b4 17. Na4 Qa5 18. Rc1 Bd7 19. Nc5 Rfc8 20. 0-0 Be8 21. Qe6 Rc6 22. Qxe7 Rc7 23. Qd6 Rbc8 24. Nb3 Qb6 25. Qxb6 axb6 26. Ba6 Rxc1 27. Rxc1 Ra8 28. Rc8 Rxc8 29. Bxc8 Nf6 30. Nc1 Ne4 31. Nd3 Bf8 32. Ba6 Kg7 33. Bc4 Kf6 34. Kf1 g5 35. Ke2 g4 36. hxg4 fxg4 37. Nfe1 h5 38. f3 gxf3+ 39. gxf3 Ng3+ 40. Kf2 h4 41. Kg2 Nf5 42. Nc2 Bd7 43. e4 Ng3 44. f4 Nxe4 45. Ncxb4 Nd2 46. Bd5 Kf5 47. Nc2 Bb5 48. Ne3+ Kg6 49. Ne5+ Kf6 50. Kf2 Bh6 51. N5g4+ Kg6 52. Nxh6 Kxh6 53. Ke1 Nb1 54. Be4 h3 55. Bxb1 Kh5 56. Kf2 Kh4 57. Be4 Bd7 58. Nd5 b5 59. Nf6 Bc8 60. d5 h2 61. Kg2 h1Q+ 62. Kxh1 Kg3 63. d6 Kxf4 64. Bc6 1-0

[Event "Catalunya-chT DH"]
[Site "Spain"]
[Date "2004.??.??"]
[Round "5"]
[White "Dominguez Gonzalez, Isaac"]
[Black "Marcet Bisbal, Antonio"]
[Result "0-1"]
[WhiteElo "2234"]
[BlackElo "2330"]
[PlyCount "116"]
[EventDate "2004.??.??"]
[EventType "team"]
[EventRounds "9"]
[EventCountry "ESP"]
[SourceTitle "EXT 2007"]
[Source "ChessBase"]
[SourceDate "2006.11.23"]
[SourceVersion "1"]
[SourceVersionDate "2006.11.23"]
[SourceQuality "1"]

1. e4 c5 2. Nf3 d6 3. Bb5+ Nd7 4. c3 Ngf6 5. Qe2 a6 6. Ba4 g6 7. 0-0 Bg7 8. d4 0-0 9. e5 Nd5 10. e6 N7b6 11. exf7+ Rxf7 12. Bb3 c4 13. Bxc4 Bg4 14. Bb3 Qd7 15. Be3 Bxf3 16. gxf3 Qh3 17. Nd2 Rf5 18. Rfe1 Kh8 19. Qf1 Qh4 20. Kh1 e5 21. Qg2 exd4 22. cxd4 Raf8 23. Bc2 Rh5 24. Be4 Qf6 25. Rac1 Nf4 26. Qg3 d5 27. Bxf4 Qxf4 28. Qxf4 Rxf4 29. Bb1 Bxd4 30. Rc7 Be5 31. Rxb7 Nc4 32. Nf1 Rxf3 33. Ng3 Rh4 34. Kg2 Rhf4 35. Re2 Bd6 36. Rd7 Rf7 37. Rxf7 Rxf7 38. Bd3 Ne5 39. Bxa6 Ra7 40. Bc8 Rxa2 41. Be6 Nd3 42. Kf3 Nf4 43. Re3 Rxb2 44. Bd7 Nh5 45. Nxh5 gxh5 46. h3 Bc5 47. Re2 Rb3+ 48. Kf4 Bd6+ 49. Kg5 Kg7 50. Bf5 Rf3 51. Be6 Be7+ 52. Kxh5 Rf4 53. Bg4 Bc5 54. Kg5 Rf8 55. f3 d4 56. Kh4 Bd6 57. Rd2 Rd8 58. Rd3 Bf4 0-1

[Event "Catalunya-chT DH"]
[Site "Spain"]
[Date "2004.??.??"]
[Round "2"]
[White "Granados Gomez, Manuel"]
[Black "Marcet Bisbal, Antonio"]
[Result "0-1"]
[WhiteElo "2396"]
[BlackElo "2330"]
[PlyCount "62"]
[EventDate "2004.??.??"]
[EventType "team"]
[EventRounds "9"]
[EventCountry "ESP"]
[SourceTitle "EXT 2007"]
[Source "ChessBase"]
[SourceDate "2006.11.23"]
[SourceVersion "1"]
[SourceVersionDate "2006.11.23"]
[SourceQuality "1"]

1. c4 Nf6 2. Nc3 g6 3. e4 d6 4. d4 Bg7 5. Nge2 0-0 6. Ng3 e5 7. d5 c6 8. Be2 cxd5 9. cxd5 Nbd7 10. h4 h5 11. Bg5 a6 12. Nf1 Qb6 13. Rb1 Nh7 14. Be3 Qd8 15. Nd2 f5 16. exf5 gxf5 17. Nc4 Ndf6 18. Bxh5 b5 19. Bb6 Qd7 20. Ne3 b4 21. Bg6 bxc3 22. Nxf5 Qxf5 23. Bxf5 Bxf5 24. bxc3 Bxb1 25. Qxb1 Rfb8 26. a4 a5 27. h5 e4 28. h6 Bf8 29. Rh3 Ra6 30. Qc1 Raxb6 31. Qf4 Rb1+ 0-1

[Event "Catalunya-chT DH"]
[Site "Spain"]
[Date "2004.??.??"]
[Round "4"]
[White "Marcet Bisbal, Antonio"]
[Black "Garcia Paolicchi, Raul"]
[Result "1-0"]
[WhiteElo "2330"]
[BlackElo "2239"]
[PlyCount "71"]
[EventDate "2004.??.??"]
[EventType "team"]
[EventRounds "9"]
[EventCountry "ESP"]
[SourceTitle "EXT 2007"]
[Source "ChessBase"]
[SourceDate "2006.11.23"]
[SourceVersion "1"]
[SourceVersionDate "2006.11.23"]
[SourceQuality "1"]

1. d4 d5 2. c4 c6 3. Nf3 Nf6 4. Nc3 dxc4 5. a4 a5 6. e3 Bg4 7. Bxc4 e6 8. 0-0 Bb4 9. Qe2 Nbd7 10. Rd1 Qe7 11. e4 e5 12. d5 h6 13. dxc6 bxc6 14. h3 Bxf3 15. Qxf3 0-0 16. Ne2 Kh7 17. Ng3 g6 18. Be3 Nc5 19. h4 Rad8 20. b3 Ne6 21. Nf5 gxf5 22. Qxf5+ Kh8 23. Qxe5 Ng7 24. Qf4 Ng8 25. Rxd8 Qxd8 26. e5 Qe7 27. Qe4 f5 28. Qxc6 Qxe5 29. Rd1 Qf6 30. Qc7 Bc3 31. Rd6 Qe5 32. Bxg8 Rf6 33. Rd7 Qxc7 34. Rxc7 Be5 35. Rc8 Rd6 36. g3 1-0

[Event "Sitges op 28th"]
[Site "Sitges"]
[Date "2002.07.26"]
[Round "8"]
[White "Spaan, Nathanael"]
[Black "Marcet Bisbal, Antonio"]
[Result "0-1"]
[WhiteElo "2195"]
[BlackElo "2319"]
[PlyCount "48"]
[EventDate "2002.??.??"]
[EventType "swiss"]
[EventRounds "9"]
[EventCountry "ESP"]
[SourceTitle "EXT 2003"]
[Source "ChessBase"]
[SourceDate "2002.11.25"]
[SourceVersion "1"]
[SourceVersionDate "2002.11.25"]
[SourceQuality "1"]

1. e4 c5 2. Nf3 d6 3. d4 cxd4 4. Nxd4 Nf6 5. Nc3 a6 6. Be2 e5 7. Nb3 Be7 8. 0-0 0-0 9. Be3 Be6 10. a4 Nc6 11. a5 Nb4 12. Bb6 Qc8 13. Bf3 Nd7 14. Be3 Nf6 15. Ra4 d5 16. exd5 Rd8 17. Bb6 Rd7 18. Qe2 Nfxd5 19. Nxd5 Nxd5 20. Bxd5 Bxd5 21. c4 Bxg2 22. Re1 Qc6 23. Raa1 Qg6 24. Qxe5 Bd6 0-1

[Event "Sitges op 28th"]
[Site "Sitges"]
[Date "2002.07.24"]
[Round "6"]
[White "Raineri de Luca, Pablo"]
[Black "Marcet Bisbal, Antonio"]
[Result "0-1"]
[WhiteElo "2172"]
[BlackElo "2319"]
[PlyCount "66"]
[EventDate "2002.??.??"]
[EventType "swiss"]
[EventRounds "9"]
[EventCountry "ESP"]
[SourceTitle "EXT 2003"]
[Source "ChessBase"]
[SourceDate "2002.11.25"]
[SourceVersion "1"]
[SourceVersionDate "2002.11.25"]
[SourceQuality "1"]

1. d4 Nf6 2. c4 g6 3. Nc3 Bg7 4. e4 d6 5. Bd3 0-0 6. Nge2 e5 7. d5 Nh5 8. 0-0 Nd7 9. Be3 f5 10. exf5 gxf5 11. Ng3 Nxg3 12. fxg3 e4 13. Be2 Ne5 14. Qd2 Bd7 15. Rae1 Qe8 16. Qd1 a6 17. c5 Qe7 18. Qb3 Rab8 19. cxd6 Qxd6 20. Ba7 Rbc8 21. Qxb7 c6 22. Qxa6 Ra8 23. dxc6 Bxc6 24. Bc4+ Kh8 25. Bd5 Qd7 26. Bxc6 Nxc6 27. Nb5 Nxa7 28. Nxa7 Rxa7 29. Qc4 Rc8 30. Qb3 Rb7 31. Qd1 Qd4+ 32. Kh1 Qxd1 33. Rxd1 Rxb2 0-1

[Event "Sitges op 28th"]
[Site "Sitges"]
[Date "2002.07.21"]
[Round "3"]
[White "Marcet Bisbal, Antonio"]
[Black "Gasulla Asensio, Ignacio"]
[Result "1/2-1/2"]
[WhiteElo "2319"]
[BlackElo "2171"]
[PlyCount "38"]
[EventDate "2002.??.??"]
[EventType "swiss"]
[EventRounds "9"]
[EventCountry "ESP"]
[SourceTitle "EXT 2003"]
[Source "ChessBase"]
[SourceDate "2002.11.25"]
[SourceVersion "1"]
[SourceVersionDate "2002.11.25"]
[SourceQuality "1"]

1. d4 Nf6 2. c4 g6 3. Nc3 Bg7 4. e4 d6 5. Bd3 0-0 6. Nge2 e5 7. d5 Nh5 8. 0-0 f5 9. exf5 gxf5 10. f4 Nd7 11. Rb1 exf4 12. Nxf4 Nxf4 13. Bxf4 Ne5 14. Qd2 Bd7 15. b4 Qf6 16. Ne2 Rae8 17. Rb3 Nxd3 18. Qxd3 Re4 19. Rbb1 Rfe8 1/2-1/2

[Event "Sitges op 27th"]
[Site "Sitges"]
[Date "2001.??.??"]
[Round "7"]
[White "Marcet Bisbal, Antonio"]
[Black "Montell Zabay, Albert"]
[Result "0-1"]
[WhiteElo "2330"]
[BlackElo "2136"]
[PlyCount "68"]
[EventDate "2001.??.??"]
[EventType "swiss"]
[EventRounds "9"]
[EventCountry "ESP"]
[SourceTitle "EXT 2002"]
[Source "ChessBase"]
[SourceDate "2001.11.25"]
[SourceVersion "1"]
[SourceVersionDate "2001.11.25"]
[SourceQuality "1"]

1. d4 Nf6 2. c4 g6 3. Nc3 Bg7 4. e4 d6 5. h3 c5 6. d5 0-0 7. Bd3 e6 8. Nf3 exd5 9. exd5 Re8+ 10. Be3 Na6 11. 0-0 Nc7 12. a4 b6 13. Qd2 a6 14. Bg5 Qd7 15. Rab1 b5 16. axb5 axb5 17. b4 bxc4 18. Bxc4 Ne4 19. Nxe4 Rxe4 20. Rbe1 Rxc4 21. Re7 Qf5 22. Rxc7 Rc2 23. Qd1 h5 24. b5 Rb2 25. Bc1 Rb4 26. Re1 Bd7 27. b6 Ba4 28. b7 Rxb7 29. Qxa4 Rxa4 30. Re8+ Kh7 31. Rxb7 Ra1 32. Re1 Bh6 33. Bxh6 Rxe1+ 34. Nxe1 Kxh6 0-1

[Event "Sitges op 26th"]
[Site "Sitges"]
[Date "2000.07.26"]
[Round "6"]
[White "Lehmann, Holger"]
[Black "Marcet Bisbal, Antonio"]
[Result "1/2-1/2"]
[WhiteElo "2227"]
[BlackElo "2328"]
[PlyCount "67"]
[EventDate "2000.07.??"]
[EventType "swiss"]
[EventRounds "7"]
[EventCountry "ESP"]
[SourceTitle "EXT 2001"]
[Source "ChessBase"]
[SourceDate "2000.11.22"]
[SourceVersion "1"]
[SourceVersionDate "2000.11.22"]
[SourceQuality "1"]

1. d4 Nf6 2. c4 g6 3. Nc3 Bg7 4. e4 d6 5. h3 0-0 6. Bg5 Nbd7 7. Bd3 e5 8. d5 a5 9. Nge2 Nc5 10. Bc2 Bd7 11. g4 Qb8 12. Kf1 h6 13. Be3 b5 14. cxb5 Bxb5 15. Kg2 Bd7 16. f3 c6 17. Qd2 cxd5 18. exd5 Kh7 19. Ng3 Rh8 20. h4 e4 21. Ncxe4 Ncxe4 22. Nxe4 Nxe4 23. Bxe4 Qxb2 24. Qxb2 Bxb2 25. Rab1 Rab8 26. h5 Kg7 27. hxg6 fxg6 28. Bc2 Rbe8 29. Bf2 Bf6 30. Rb7 Re7 31. Re1 Rf7 32. Bg3 h5 33. Bxd6 hxg4 34. fxg4 1/2-1/2

[Event "Sitges op 25th"]
[Site "Sitges"]
[Date "1999.??.??"]
[Round "6"]
[White "Marcet Bisbal, Antonio"]
[Black "Fressinet, Laurent"]
[Result "1/2-1/2"]
[WhiteElo "2295"]
[BlackElo "2440"]
[PlyCount "100"]
[EventDate "1999.07.16"]
[EventType "swiss"]
[EventRounds "9"]
[EventCountry "ESP"]
[SourceTitle "EXT 2000"]
[Source "ChessBase"]
[SourceDate "1999.11.16"]
[SourceVersion "1"]
[SourceVersionDate "1999.11.16"]
[SourceQuality "1"]

1. e4 c5 2. Nf3 Nc6 3. Bb5 e6 4. 0-0 Nge7 5. Re1 Ng6 6. Nc3 Qc7 7. d4 cxd4 8. Nxd4 Bd6 9. g3 Nxd4 10. Qxd4 Be5 11. Qc4 a6 12. Qxc7 Bxc7 13. Be2 b5 14. Be3 Bb7 15. Red1 Ba5 16. Rd6 Bc6 17. Bc5 Ne7 18. Rad1 Rb8 19. a3 Nc8 20. R6d4 Bb6 21. Bxb6 Nxb6 22. f3 Ke7 23. Na2 a5 24. b4 Ra8 25. Nc3 axb4 26. axb4 Ra3 27. Nxb5 Re3 28. Bf1 Rxf3 29. Bg2 Rf6 30. e5 Bxb5 31. exf6+ gxf6 32. Ra1 Rc8 33. Ra5 Be2 34. Rd2 Bc4 35. Ra7 f5 36. Rb7 Nd5 37. Kf2 Kd6 38. Bxd5 Bxd5 39. Ra7 Rc4 40. Ra4 Kc6 41. Ra8 Rxb4 42. Rh8 f4 43. Rxh7 f5 44. Rh4 fxg3+ 45. Kxg3 Rb1 46. Kf4 Rg1 47. Ke5 Rg6 48. Rxd5 exd5 49. c4 Rd6 50. Rd4 Re6+ 1/2-1/2

[Event "Catalunya-chT"]
[Site "Spain"]
[Date "1997.??.??"]
[Round "6"]
[White "Jerez Perez, Alfonso"]
[Black "Marcet Bisbal, Antonio"]
[Result "1-0"]
[WhiteElo "2300"]
[BlackElo "2340"]
[PlyCount "77"]
[EventDate "1997.??.??"]
[EventType "team"]
[EventRounds "9"]
[EventCountry "ESP"]
[SourceTitle "EXT 2002"]
[Source "ChessBase"]
[SourceDate "2001.11.25"]
[SourceVersion "1"]
[SourceVersionDate "2001.11.25"]
[SourceQuality "1"]

1. e4 c5 2. c3 d6 3. d4 Nf6 4. Bd3 Qc7 5. Nf3 e6 6. 0-0 Be7 7. Qe2 Nbd7 8. Bg5 e5 9. dxe5 dxe5 10. Nbd2 0-0 11. a4 Re8 12. Nc4 b6 13. Bxf6 Bxf6 14. Rfd1 Bb7 15. Nd6 Qxd6 16. Bb5 Qf8 17. Rxd7 Bc8 18. Rd2 Rd8 19. Rxd8 Qxd8 20. Bc6 Rb8 21. Bd5 Bb7 22. Rd1 Qe7 23. Ne1 g6 24. Nc2 Bg5 25. g3 Bc8 26. Bc4 h5 27. h4 Bh6 28. Qd3 Be6 29. Na3 Kg7 30. Bxe6 Qxe6 31. Qd6 Qxd6 32. Rxd6 Bc1 33. Nc4 b5 34. axb5 Rxb5 35. Rd1 Bh6 36. Kf1 Rb7 37. Ke2 Kf8 38. Rd5 Bc1 39. Kd1 1-0